[Event "Canadian op U2000"]
[Site "Windsor"]
[Date "2016.07.12"]
[Round "3.42"]
[White "Deimert, David"]
[Black "Cui, Cynthia"]
[Result "1/2-1/2"]
[WhiteElo "1650"]
[BlackElo "1700"]
[PlyCount "137"]
[EventDate "2016.07.10"]
[EventType "swiss"]
[EventRounds "9"]
[EventCountry "CAN"]
[SourceTitle "EXT 2022"]
[Source "ChessBase"]
[SourceDate "2021.10.06"]
[SourceVersion "1"]
[SourceVersionDate "2021.10.06"]
[SourceQuality "1"]

1. e4 d5 2. exd5 Qxd5 3. Nc3 Qd6 4. Nf3 Nf6 5. d4 Bg4 6. Be2 c6 7. 0-0 Nbd7 8. h3 Bh5 9. Be3 e6 10. Qd2 Qc7 11. Bf4 Bd6 12. Bxd6 Qxd6 13. Qe3 0-0 14. a3 Rfe8 15. Ne4 Nxe4 16. Qxe4 Bg6 17. Qg4 Bxc2 18. h4 Bf5 19. Qg5 h6 20. Qd2 Rad8 21. Qa5 Qb8 22. Rfe1 Nf6 23. Rad1 Rd5 24. Qb4 Red8 25. Bc4 R5d6 26. Bb3 Bg4 27. Re5 Qc7 28. Re3 Nd5 29. Bxd5 Rxd5 30. Rd2 Bxf3 31. gxf3 c5 32. Qc3 Rxd4 33. Red3 Qd6 34. Rxd4 cxd4 35. Qa5 Qb6 36. Qe5 d3 37. Kg2 Qd4 38. Qc7 Rd7 39. Qb8+ Kh7 40. Kh3 Qd6 41. Qxa7 Qf4 42. Qe3 Qxe3 43. fxe3 Kg6 44. a4 Kf5 45. Kg3 Ke5 46. a5 g5 47. b4 f5 48. hxg5 hxg5 49. b5 f4+ 50. Kf2 fxe3+ 51. Kxe3 Rd5 52. a6 Rxb5 53. axb7 Rxb7 54. Rxd3 Kf5 55. Rd4 Rb3+ 56. Kf2 e5 57. Rc4 Rd3 58. Kg3 Rd4 59. Rc5 g4 60. fxg4+ Rxg4+ 61. Kf3 Rf4+ 62. Ke3 Ke6 63. Ra5 Kf5 64. Rb5 Re4+ 65. Kf3 Rd4 66. Rb3 Rf4+ 67. Ke3 Kg4 68. Rb5 e4 69. Re5 1/2-1/2

[Event "CAN-ch U14 Girls"]
[Site "Windsor"]
[Date "2016.07.08"]
[Round "6.46"]
[White "Cui, Cynthia"]
[Black "Gu, Stephanie"]
[Result "1-0"]
[WhiteElo "1714"]
[BlackElo "792"]
[PlyCount "73"]
[EventDate "2016.07.05"]
[EventType "swiss"]
[EventRounds "7"]
[EventCountry "CAN"]
[SourceTitle "EXT 2022"]
[Source "ChessBase"]
[SourceDate "2021.10.06"]
[SourceVersion "1"]
[SourceVersionDate "2021.10.06"]
[SourceQuality "1"]

1. c4 Nf6 2. g3 g6 3. Bg2 Bg7 4. Nc3 d6 5. Nf3 0-0 6. 0-0 Nbd7 7. d3 c5 8. a3 Rb8 9. Qc2 a6 10. b4 cxb4 11. axb4 b6 12. Nd4 Bb7 13. Nc6 Bxc6 14. Bxc6 Ne5 15. Bg2 Qc8 16. Bb2 b5 17. cxb5 axb5 18. Qb3 e6 19. Rfc1 Qd7 20. Ra5 Rfc8 21. Rca1 Qe8 22. Ra6 Qd7 23. Bc1 Nh5 24. Bb2 Nc6 25. e3 Nf6 26. d4 d5 27. Bf1 Qe7 28. Ba3 Bf8 29. Bxb5 Nxb4 30. Rb1 Rxc3 31. Qxc3 Rxb5 32. Ra8 Kg7 33. Qb2 Qb7 34. Ra4 Nd7 35. Bxb4 Nb6 36. Bxf8+ Kxf8 37. Qxb5 1-0

[Event "CAN-ch U14 Girls"]
[Site "Windsor"]
[Date "2016.07.07"]
[Round "4.44"]
[White "Ouellet, Maili Jade"]
[Black "Cui, Cynthia"]
[Result "1-0"]
[WhiteElo "2068"]
[BlackElo "1714"]
[PlyCount "67"]
[EventDate "2016.07.05"]
[EventType "swiss"]
[EventRounds "7"]
[EventCountry "CAN"]
[SourceTitle "EXT 2022"]
[Source "ChessBase"]
[SourceDate "2021.10.06"]
[SourceVersion "1"]
[SourceVersionDate "2021.10.06"]
[SourceQuality "1"]

1. d4 d5 2. c4 e6 3. Nc3 Nf6 4. Bg5 Be7 5. cxd5 exd5 6. e3 0-0 7. Bd3 c6 8. Qc2 Nbd7 9. Nf3 Re8 10. 0-0 Nf8 11. Rab1 a5 12. a3 Ng6 13. Ne5 Ne4 14. Bxe7 Qxe7 15. Nxe4 Nxe5 16. dxe5 dxe4 17. Bxe4 Qxe5 18. Bxh7+ Kh8 19. Bd3 Re6 20. Rbe1 Rh6 21. f4 Qh5 22. h3 Bd7 23. Rf3 Qd5 24. e4 Qd4+ 25. Kh2 Re8 26. Bf1 Bf5 27. Rd3 Qf6 28. Rde3 Qd4 29. Qe2 Rhe6 30. Qh5+ Bh7 31. Qxf7 Rxe4 32. Rd3 Qb6 33. Rxe4 Rxe4 34. Rd7 1-0